000 00682nam a2200289Ia 4500
008 160716s9999||||xx |||||||||||||| ||und||
040 _cEnglish
082 _aXI.E/Dandekar
082 _bBORI-106276
100 _aR. N. Dandekar
245 _aInsights into Hinduism
260 _aDelhi
260 _bAjanta Publications
260 _c1979
300 _aviii+394
300 _cB
300 _eHardbound
530 _u00106276.pdf
563 _aStudy
600 _aR. N. Dandekar
630 _aInsights into Hinduism
650 _aGeneral Indology
650 _aReligion
700 _aR. N. Dandekar
730 _aInsights into Hinduism
942 _cBOOK
999 _c1400077
_d1400074